Sipahi Ka Khawab, (Record no. 188028)
[ view plain ]
| 000 -LEADER | |
|---|---|
| fixed length control field | 00384 a2200133 4500 |
| 003 - CONTROL NUMBER IDENTIFIER | |
| control field | Nust |
| 005 - DATE AND TIME OF LATEST TRANSACTION | |
| control field | 20230321124917.0 |
| 040 ## - CATALOGING SOURCE | |
| Transcribing agency | Nust |
| 082 ## - DEWEY DECIMAL CLASSIFICATION NUMBER | |
| Classification number | 355.0092,SAD |
| 100 ## - MAIN ENTRY--PERSONAL NAME | |
| Personal name | Siddiqui, Mohammad Ismail |
| 9 (RLIN) | 109550 |
| 245 ## - TITLE STATEMENT | |
| Title | Sipahi Ka Khawab, |
| Remainder of title | 1965 Ke Jang per mushtamil kahania / |
| Statement of responsibility, etc. | Lt Col Mohammad Ismail Siddiqui |
| 650 ## - SUBJECT ADDED ENTRY--TOPICAL TERM | |
| Topical term or geographic name entry element | War of 1965 |
| 9 (RLIN) | 110862 |
| 942 ## - ADDED ENTRY ELEMENTS (KOHA) | |
| Source of classification or shelving scheme | |
| Koha item type | Book |
| Call number prefix | 355.0092,SAD |
| Withdrawn status | Lost status | Source of classification or shelving scheme | Damaged status | Not for loan | Permanent Location | Current Location | Shelving location | Date acquired | Full call number | Barcode | Date last seen | Price effective from | Koha item type | Public note |
|---|---|---|---|---|---|---|---|---|---|---|---|---|---|---|
| Military College of Signals (MCS) | Military College of Signals (MCS) | General Stacks | 12/12/2016 | 355.0092,SAD | MCS34057 | 12/08/2016 | 12/12/2016 | Book | Almirh No 64, Shelf No 5 |
